Hán Nôm

Na minha lista:
Detalhes bibliográficos
Formato: Livro
Idioma:Undetermined
Publicado em: Hà Nội Viện nghiên cứu Hán Nôm 2020
Assuntos:
Tags: Adicionar Tag
Sem tags, seja o primeiro a adicionar uma tag!
Thư viện lưu trữ: Trung tâm Học liệu Trường Đại học Cần Thơ
LEADER 00507nam a2200181Ia 4500
001 CTU_236400
008 210402s9999 xx 000 0 und d
020 |c 30000 
082 |a 495.1 
082 |b H105 
245 0 |a Hán Nôm 
245 0 |c Viện nghiên cứu Hán Nôm 
260 |a Hà Nội 
260 |b Viện nghiên cứu Hán Nôm 
260 |c 2020 
650 |a Chinese language,Tiếng Hoa 
904 |i T.Trang 
980 |a Trung tâm Học liệu Trường Đại học Cần Thơ